Majority French Speaking Countries with Map - Statistics

General Stats
  • This quiz has been taken 387 times
  • The average score is 11 of 17
Answers on the Map
Answers color-coded by a green-red scale on the quiz's map according to % correct below.
 
Answer Stats
% Answer % Correct
97% France
100%
75% Belgium
92%
67% Switzerland
87%
51% D.R.C.
78%
98% Luxembourg
77%
59% Republic of the Congo
77%
50% Algeria
75%
70% Andorra
73%
97% Monaco
72%
64% Tunisia
71%
83% Cameroon
66%
80% Gabon
66%
73% Mauritius
52%
51% Seychelles
50%
50% Djibouti
32%
60% Dominica
13%
95% St. Lucia
13%
No matching quizzes found
Score Distribution
Percent of People with Each Score
Percentile by Number Answered
Your Score History
You have not taken this quiz